| 000 | 00536nam a2200157 i 4500 | ||
|---|---|---|---|
| 001 | 74845 | ||
| 003 | ES-MaACL | ||
| 005 | 20230906172250.0 | ||
| 007 | t| | ||
| 008 | 040921s1911 fr ||||1| fre d | ||
| 100 | 1 |
_aGourmont, Rémy de ( _d1858-1916) _959362 |
|
| 245 | 1 | 3 |
_aLe pelerin du silence _b: le fantome, le chateau singulier, le livre des litanies, theatre muet, pages retrouvees / _cRemy de Gourmont. |
| 260 |
_a[S.l. : _bs.n., _c1911] ( _ePoitiers : _fBlais et Roy) |
||
| 300 |
_a246 p. ; _c19 cm. |
||
| 852 |
_aES-MaACL _jD-2533 |
||
| 999 |
_c74845 _d74845 |
||